000 00622nam a22001457a 4500
020 _a1-86330-531-9
082 _a823
_bCOU/P
100 _aCOURTENAY, BRYCE
245 _aTHE POTATO FACTORY
260 _aAUSTRALIA
_bMANDARIN
300 _a666
520 _aIkey Solomon is in the business of thieving and he's very good at it. Ikey's partner in crime is his mistress, the forthright Mary Abacus, until misfortune befalls them. They are parted and each must make the harsh journey from thriving nineteenth century London to the convict settlement of Van Diemen's Land.
650 _aNOVEL,ENGLISH
_zAUSTRALIA
942 _cBK
999 _c2473
_d2473